Vybrané aspekty zdaňovania príjmov FO v SR a vo vybranej krajine diplomová práca

Salvato in:
Dettagli Bibliografici
Autore principale: Valková, Eva
Ente Autore: Národohospodárska fakulta EU. Katedra financií
Altri autori: Rabatinová, Marcela, 1977-
Natura: Libro
Lingua:slovacco
Pubblicazione: Bratislava 2010
Tags: Aggiungi Tag
Nessun Tag, puoi essere il primo ad aggiungerne!!

MARC

LEADER 00000nam$a2200000$$$4500
001 0119084
005 20240318123805.8
041 0 |a slo 
044 |a SK 
245 1 0 |a Vybrané aspekty zdaňovania príjmov FO v SR a vo vybranej krajine  |b diplomová práca  |c Eva Valková ; škol. Marcela Rabatinová 
264 1 |a Bratislava  |c 2010 
300 |a 88 s. 
100 1 |a Valková, Eva 
700 1 |a Rabatinová, Marcela, 1977- 
710 2 |a Národohospodárska fakulta EU. Katedra financií